Ireland Players Biggest Transfers - Statistics

General Stats
  • This quiz has been taken 49 times
  • The average score is 58 of 167
Answer Stats
Player From Joined % Correct
ST Robbie Keane 08/09 Tottenham Hotspur Liverpool
100%
ST Robbie Keane 00/01 Coventry City Inter Milan
100%
ST Robbie Keane 01/02 Inter Milan Leeds United
100%
ST Robbie Keane 08/09 Liverpool Tottenham Hotspur
100%
ST Robbie Keane 02/03 Leeds United Tottenham Hotspur
100%
ST Robbie Keane 99/00 Wolverhampton Wanderers Coventry City
100%
ST Robbie Keane 11/12 Tottenham Hotspur LA Galaxy
100%
ST Robbie Keane 10/11 Tottenham Hotspur West Ham United
100%
ST Robbie Keane 09/10 Tottenham Hotspur Celtic
100%
DM Roy Keane 93/94 Nottingham Forest Manchester United
100%
ST Will Keane 16/17 Manchester United Hull City
97%
RM Damien Duff 03/04 Blackburn Rovers Chelsea
81%
RM Damien Duff 06/07 Chelsea Newcastle United
81%
RM Damien Duff 09/10 Newcastle United Fulham
81%
RB Matt Doherty 20/21 Wolverhampton Wanderers Tottenham Hotspur
78%
CB Gary Doherty 99/00 Luton Town Tottenham Hotspur
75%
ST Shane Long 14/15 Hull City Southampton
69%
ST Shane Long 13/14 West Bromwich Albion Hull City
69%
ST Shane Long 11/12 Reading West Bromwich Albion
69%
GK Shay Given 08/09 Newcastle United Manchester City
69%
GK Shay Given 11/12 Manchester City Aston Villa
69%
GK Shay Given 97/98 Blackburn Rovers Newcastle United
69%
CB John O'Shea 11/12 Manchester United Sunderland
67%
CB Nathan Collins 23/24 Wolverhampton Wanderers Brentford
67%
CB Nathan Collins 22/23 Burnley Wolverhampton Wanderers
67%
CB Nathan Collins 21/22 Stoke City Burnley
67%
LW Aiden McGeady 10/11 Celtic Spartak Moscow
64%
LW Aiden McGeady 13/14 Spartak Moscow Everton
64%
CB Dara O'Shea 23/24 West Bromwich Albion Burnley
64%
GK Gavin Bazunu 22/23 Manchester City Southampton
64%
CM James McCarthy 13/14 Wigan Athletic Everton
58%
CM James McCarthy 09/10 Hamilton Academical Wigan Athletic
58%
CM James McCarthy 19/20 Everton Crystal Palace
58%
CB Richard Dunne 09/10 Manchester City Aston Villa
56%
CB Richard Dunne 00/01 Everton Manchester City
56%
LM Robbie Brady 16/17 Norwich City Burnley
53%
LM Robbie Brady 15/16 Hull City Norwich City
53%
LM Robbie Brady 12/13 Manchester United Hull City
53%
GK Darren Randolph 17/18 West Ham United Middlesbrough
47%
GK Darren Randolph 19/20 Middlesbrough West Ham United
47%
LM James McClean 18/19 West Bromwich Albion Stoke City
44%
LM James McClean 13/14 Sunderland Wigan Athletic
44%
LM James McClean 15/16 Wigan Athletic West Bromwich Albion
44%
AM Stephen Ireland 10/11 Manchester City Aston Villa
44%
CB Ciaran Clark 16/17 Aston Villa Newcastle United
42%
CM Jeff Hendrick 16/17 Derby County Burnley
42%
ST Kevin Doyle 09/10 Reading Wolverhampton Wanderers
39%
CB Shane Duffy 16/17 Blackburn Rovers Brighton & Hove Albion
39%
CB Shane Duffy 20/21 Brighton & Hove Albion Celtic
39%
CB Shane Duffy 14/15 Everton Blackburn Rovers
39%
RB Steve Finnan 03/04 Fulham Liverpool
39%
ST Daryl Murphy 16/17 Ipswich Town Newcastle United
36%
ST Daryl Murphy 17/18 Newcastle United Nottingham Forest
36%
ST Daryl Murphy 10/11 Sunderland Celtic
36%
DM Glenn Whelan 17/18 Stoke City Aston Villa
36%
RW Jonathan Walters 10/11 Ipswich Town Stoke City
36%
RW Jonathan Walters 17/18 Stoke City Burnley
36%
CB Andrew Omobamidele 23/24 Norwich City Nottingham Forest
33%
CB Andy O'Brien 05/06 Newcastle United Portsmouth
33%
CB Andy O'Brien 00/01 Bradford City Newcastle United
33%
ST Eoin Doyle 14/15 Chesterfield Cardiff City
33%
CB Jake O'Brien 23/24 Crystal Palace Lyon
33%
ST Niall Quinn 96/97 Manchester City Sunderland
33%
ST Callum Robinson 19/20 Preston North End Sheffield United
31%
CM Conor Hourihane 16/17 Barnsley Aston Villa
31%
RM Jason McAteer 95/96 Bolton Wanderers Liverpool
31%
RM Jason McAteer 98/99 Liverpool Blackburn Rovers
31%
RM Jason McAteer 01/02 Blackburn Rovers Sunderland
31%
CB John Egan 18/19 Brentford Sheffield United
31%
LB Steve Staunton 91/92 Liverpool Aston Villa
31%
ST John Aldridge 89/90 Liverpool Real Sociedad
28%
LM Kevin Kilbane 99/00 West Bromwich Albion Sunderland
28%
LM Kevin Kilbane 06/07 Everton Wigan Athletic
28%
LM Kevin Kilbane 97/98 Preston North End West Bromwich Albion
28%
LM Kevin Kilbane 03/04 Sunderland Everton
28%
ST Frank Stapleton 81/82 Arsenal Manchester United
25%
LB Greg Cunningham 18/19 Preston North End Cardiff City
25%
CM Jason Knight 23/24 Derby County Bristol City
25%
CM Josh Cullen 22/23 Anderlecht Burnley
25%
ST Michael Obafemi 23/24 Swansea City Burnley
25%
ST Michael Obafemi 21/22 Southampton Swansea City
25%
CM Ray Houghton 92/93 Liverpool Aston Villa
25%
ST Thomas Cannon 23/24 Everton Leicester City
25%
ST Aaron Connolly 23/24 Brighton & Hove Albion Hull City
22%
LM Andy Reid 04/05 Nottingham Forest Tottenham Hotspur
22%
LM Andy Reid 07/08 Charlton Athletic Sunderland
22%
LM Andy Reid 06/07 Tottenham Hotspur Charlton Athletic
22%
CM Andy Townsend 93/94 Chelsea Aston Villa
22%
CM Andy Townsend 90/91 Norwich City Chelsea
22%
ST Clinton Morrison 02/03 Crystal Palace Birmingham City
22%
ST Clinton Morrison 05/06 Birmingham City Crystal Palace
22%
CM Darron Gibson 16/17 Everton Sunderland
22%
ST David Connolly 05/06 Leicester City Wigan Athletic
22%
ST David Connolly 06/07 Wigan Athletic Sunderland
22%
CM Harry Arter 20/21 Bournemouth Nottingham Forest
22%
LB Ian Harte 10/11 Carlisle United Reading
22%
CM Jack Taylor 23/24 Peterborough United Ipswich Town
22%
CB Marc Wilson 10/11 Portsmouth Stoke City
22%
CB Marc Wilson 16/17 Stoke City Bournemouth
22%
CB Mark Connolly 09/10 Wolverhampton Wanderers Bolton Wanderers
22%
ST Scott Hogan 16/17 Brentford Aston Villa
22%
ST Scott Hogan 20/21 Aston Villa Birmingham City
22%
RB Stephen Carr 04/05 Tottenham Hotspur Newcastle United
22%
RB Stephen Kelly 06/07 Tottenham Hotspur Birmingham City
22%
RB Stephen Kelly 12/13 Fulham Reading
22%
RB Steven Reid 03/04 Millwall Blackburn Rovers
22%
ST Tony Cascarino 90/91 Millwall Aston Villa
22%
ST Tony Cascarino 91/92 Aston Villa Celtic
22%
ST Anthony Stokes 06/07 Arsenal Sunderland
19%
ST Anthony Stokes 10/11 Hibernian Celtic
19%
ST David McGoldrick 09/10 Southampton Nottingham Forest
19%
RW Eddie McGoldrick 93/94 Crystal Palace Arsenal
19%
ST Leon Best 12/13 Newcastle United Blackburn Rovers
19%
ST Leon Best 09/10 Coventry City Newcastle United
19%
CM Matt Holland 03/04 Ipswich Town Charlton Athletic
19%
CM Matt Holland 97/98 Bournemouth Ipswich Town
19%
GK Paddy Kenny 10/11 Sheffield United Queens Park Rangers
19%
CB Paul McShane 07/08 West Bromwich Albion Sunderland
19%
CB Paul McShane 09/10 Sunderland Hull City
19%
CB Phil Babb 94/95 Coventry City Liverpool
19%
CM Rory Delap 01/02 Derby County Southampton
19%
LM Stephen Hunt 09/10 Reading Hull City
19%
LM Stephen Hunt 10/11 Hull City Wolverhampton Wanderers
19%
ST Conor Sammon 12/13 Wigan Athletic Derby County
17%
RB Cyrus Christie 17/18 Middlesbrough Fulham
17%
RB Cyrus Christie 17/18 Derby County Middlesbrough
17%
CM Jayson Molumby 22/23 Brighton & Hove Albion West Bromwich Albion
17%
ST Jon Macken 01/02 Preston North End Manchester City
17%
ST Jon Macken 05/06 Manchester City Crystal Palace
17%
RM Jonny Hayes 17/18 Aberdeen Celtic
17%
DM Lee Carsley 98/99 Derby County Blackburn Rovers
17%
DM Lee Carsley 00/01 Blackburn Rovers Coventry City
17%
DM Lee Carsley 02/03 Coventry City Everton
17%
CB Luke McNally 22/23 Oxford United Burnley
17%
LB Mark Kennedy 01/02 Manchester City Wolverhampton Wanderers
17%
LB Mark Kennedy 97/98 Liverpool Wimbledon
17%
LB Mark Kennedy 94/95 Millwall Liverpool
17%
LB Mark Kennedy 99/00 Wimbledon Manchester City
17%
CB Mark Lawrenson 81/82 Brighton & Hove Albion Liverpool
17%
CB Damien Delaney 09/10 Queens Park Rangers Ipswich Town
14%
GK Dean Kiely 99/00 Bury Charlton Athletic
14%
DM Mark Kinsella 02/03 Charlton Athletic Aston Villa
14%
CB Richard Keogh 12/13 Coventry City Derby County
14%
CB Sean St. Ledger 11/12 Preston North End Leicester City
14%
ST Simon Cox 12/13 West Bromwich Albion Nottingham Forest
14%
ST Simon Cox 09/10 Swindon Town West Bromwich Albion
14%
CB Alan Kernaghan 93/94 Middlesbrough Manchester City
11%
ST Alan Lee 08/09 Ipswich Town Crystal Palace
11%
ST Alan Lee 03/04 Rotherham United Cardiff City
11%
LW Callum O'Dowda 16/17 Oxford United Bristol City
11%
CM David Meyler 12/13 Sunderland Hull City
11%
CB Gary Breen 96/97 Birmingham City Coventry City
11%
RB Jeff Kenna 94/95 Southampton Blackburn Rovers
11%
CB Paul Butler 98/99 Bury Sunderland
11%
CB Paul Butler 00/01 Sunderland Wolverhampton Wanderers
11%
AM Sammie Szmodics 20/21 Bristol City Peterborough United
11%
LM Alan Mahon 00/01 Sporting CP Blackburn Rovers
8%
CM Alan McLoughlin 90/91 Swindon Town Southampton
8%
LW Anthony Pilkington 11/12 Huddersfield Town Norwich City
8%
LW Anthony Pilkington 14/15 Norwich City Cardiff City
8%
CB Conor Masterson 13/14 Lucan United Liverpool
8%
CM Graham Kavanagh 01/02 Stoke City Cardiff City
8%
ST Joe Mason 15/16 Cardiff City Wolverhampton Wanderers
8%
CB Liam Daish 95/96 Birmingham City Coventry City
8%
ST Caleb Folan 07/08 Wigan Athletic Hull City
6%
LM Gareth Farrelly 97/98 Aston Villa Everton
6%
RW Sean Scannell 12/13 Crystal Palace Huddersfield Town
3%
No matching quizzes found
Score Distribution
Percent of People with Each Score
Percentile by Number Answered
Your Score History
You have not taken this quiz